K uplatneniu zmenky ako cenného papiera a platobného prostriedku

Záväzným právnym predpisom, ktorý upravuje používanie zmenky ako cenného papiera a iné nakladanie so zmenkou je zákon č. 191/1950 Zb., zmenkový a šekový s platnosťou od 1.1.1951 vrátane jeho troch noviel č. 659/2007 Z. z., č. 492/2009 Z. z. a č. 438/2015 Z. z. (ďalej len „zmenkový zákon“).

Na minha lista:
Detalhes bibliográficos
Autor principal: Jurčíková, Božena
Formato: Capítulo de Livro
Idioma:eslovaco
Assuntos:
Tags: Adicionar Tag
Sem tags, seja o primeiro a adicionar uma tag!

MARC

LEADER 00000naa a2200000 4500
001 0312814
005 20251015101100.8
041 0 |a slo 
044 |a SK 
245 1 0 |a K uplatneniu zmenky ako cenného papiera a platobného prostriedku  |c Božena Jurčíková 
520 |a Záväzným právnym predpisom, ktorý upravuje používanie zmenky ako cenného papiera a iné nakladanie so zmenkou je zákon č. 191/1950 Zb., zmenkový a šekový s platnosťou od 1.1.1951 vrátane jeho troch noviel č. 659/2007 Z. z., č. 492/2009 Z. z. a č. 438/2015 Z. z. (ďalej len „zmenkový zákon“). 
610 2 0 |a zákonník obchodný 
610 2 0 |a zákonodarstvo 
610 2 0 |a zákony 
610 2 0 |a zmenky 
610 2 0 |a prostriedky platobné 
100 1 |a Jurčíková, Božena